[Event "Uppsala Young Champions 9th"]
[Site "Uppsala"]
[Date "2022.10.31"]
[Round "6"]
[White "Kruckenhauser, Arthur"]
[Black "Lind Berteusen, Alvin"]
[Result "1-0"]
[WhiteElo "2327"]
[BlackElo "1860"]
[PlyCount "113"]
[EventDate "2022.10.28"]
[EventType "swiss"]
[EventRounds "9"]
[EventCountry "SWE"]
[SourceTitle "EXT 2024"]
[Source "ChessBase"]
[SourceDate "2023.10.10"]
[SourceVersion "1"]
[SourceVersionDate "2023.10.10"]
[SourceQuality "1"]

1. e4 c5 2. Nf3 Nc6 3. Bb5 g6 4. 0-0 Bg7 5. c3 Nf6 6. Re1 0-0 7. d4 cxd4 8. cxd4 d6 9. h3 Bd7 10. Nc3 Rc8 11. Bg5 a6 12. Bf1 h6 13. Bh4 Re8 14. Qd2 g5 15. Bg3 Nh5 16. Bh2 g4 17. hxg4 Bxg4 18. d5 Na5 19. Qe3 b5 20. e5 dxe5 21. Nxe5 Nf6 22. b4 Nb7 23. f3 Bd7 24. Rad1 Nd6 25. Ne4 Rc2 26. Nc5 Nc4 27. Bxc4 bxc4 28. Ncxd7 Nxd7 29. Nc6 Qb6 30. Qxb6 Nxb6 31. d6 e6 32. d7 Nxd7 33. Rxd7 Rxa2 34. Rc1 c3 35. Be5 Rd2 36. Rxd2 cxd2 37. Rd1 Bxe5 38. Nxe5 Rd8 39. Kf2 Rd4 40. Nc6 Rc4 41. Nb8 Rxb4 42. Nxa6 Rc4 43. Rxd2 Kg7 44. Rb2 Kg6 45. Nb4 h5 46. Nd3 Ra4 47. Kg3 Ra5 48. Rc2 e5 49. Rc5 Rxc5 50. Nxc5 f5 51. Nd7 e4 52. f4 Kf7 53. Ne5+ Ke6 54. Nc4 Kd5 55. Ne3+ Kd4 56. Nxf5+ Kd3 57. Kh4 1-0

[Event "Uppsala Young Champions 9th"]
[Site "Uppsala"]
[Date "2022.10.30"]
[Round "4"]
[White "Mai, Alexander Oliver"]
[Black "Lind Berteusen, Alvin"]
[Result "1-0"]
[WhiteElo "2183"]
[BlackElo "1860"]
[PlyCount "83"]
[EventDate "2022.10.28"]
[EventType "swiss"]
[EventRounds "9"]
[EventCountry "SWE"]
[SourceTitle "EXT 2024"]
[Source "ChessBase"]
[SourceDate "2023.10.10"]
[SourceVersion "1"]
[SourceVersionDate "2023.10.10"]
[SourceQuality "1"]

1. e4 c5 2. Nf3 Nc6 3. Bb5 g6 4. Bxc6 dxc6 5. d3 Bg7 6. h3 e5 7. Be3 b6 8. a4 a5 9. Na3 Ba6 10. Nd2 Nf6 11. Nac4 Nd7 12. Nd6+ Ke7 13. N6c4 Re8 14. 0-0 Kf8 15. f4 exf4 16. Bxf4 Ne5 17. Nxe5 Bxe5 18. Bxe5 Rxe5 19. Nf3 Re8 20. Qd2 Ra7 21. Qh6+ Kg8 22. b3 Qf6 23. e5 Qg7 24. Qf4 Bc8 25. Rae1 Be6 26. Nd2 Bd5 27. c4 Be6 28. Ne4 Rd8 29. Nd6 Rad7 30. Kh1 Bf5 31. Re3 Be6 32. Rff3 Kh8 33. Rg3 Qf8 34. Kh2 Rxd6 35. exd6 Qxd6 36. Qf6+ Kg8 37. h4 Qd4 38. Re5 Qd6 39. h5 Qf8 40. hxg6 Qh6+ 41. Rh3 Bxh3 42. gxf7+ 1-0

[Event "Uppsala Young Champions 9th"]
[Site "Uppsala"]
[Date "2022.10.28"]
[Round "1"]
[White "Lind Berteusen, Alvin"]
[Black "Carlsson, Ludvig"]
[Result "0-1"]
[WhiteElo "1860"]
[BlackElo "2379"]
[PlyCount "94"]
[EventDate "2022.10.28"]
[EventType "swiss"]
[EventRounds "9"]
[EventCountry "SWE"]
[SourceTitle "EXT 2024"]
[Source "ChessBase"]
[SourceDate "2023.10.10"]
[SourceVersion "1"]
[SourceVersionDate "2023.10.10"]
[SourceQuality "1"]

1. d4 Nf6 2. c4 e6 3. Nf3 a6 4. Nc3 d5 5. cxd5 exd5 6. Bg5 Be6 7. e3 Nbd7 8. Be2 Bd6 9. 0-0 c6 10. e4 dxe4 11. Nxe4 Be7 12. Ng3 0-0 13. Bd3 Qa5 14. Qc2 Rfe8 15. Rfe1 Bb4 16. Re5 Nxe5 17. dxe5 Ng4 18. Bf4 Qc5 19. Qe2 Rad8 20. Bxh7+ Kxh7 21. Ng5+ Kg8 22. Nxe6 Rxe6 23. Qxg4 Qd4 24. Nf5 Rg6 25. Qf3 Qxb2 26. Rd1 Rd5 27. h4 Qxa2 28. h5 Re6 29. Rxd5 Qxd5 30. Qg4 Bf8 31. Nh6+ Rxh6 32. Bxh6 Qxe5 33. Bf4 Qe1+ 34. Kh2 Qxf2 35. h6 Qd4 36. Qg3 Bc5 37. Be3 Qd6 38. Bxc5 Qxh6+ 39. Qh3 Qf4+ 40. Qg3 Qh6+ 41. Qh3 Qxh3+ 42. gxh3 f6 43. Kg3 Kf7 44. Kf4 a5 45. h4 g5+ 46. hxg5 fxg5+ 47. Kxg5 Ke6 0-1